| Tag |
First Indicator |
Second Indicator |
Subfields |
| LEADER |
00000nam a2200000Ia 4500 |
| 001 |
in00004334921 |
| 005 |
20200812095447.0 |
| 006 |
m g d |
| 007 |
cr bn |||a|bb| |
| 008 |
150420s1684 ie a o 000 0 eng d |
| 040 |
|
|
|a UMI
|e dcrmb
|c UMI
|
| 035 |
|
|
|a (OCoLC)907645511
|
| 037 |
|
|
|a CL0037000140
|b ProQuest, 789 E. Eisenhower Parkway, Ann Arbor, MI 48108-3218
|
| 043 |
|
|
|a e-ie---
|a e-uk---
|
| 050 |
|
4 |
|a AY771
|
| 049 |
|
|
|a UMIA
|
| 100 |
1 |
|
|a Bourk, John,
|e author.
|
| 245 |
1 |
0 |
|a Bourks almanack 1684 :
|b Hiberniae Merlinus, for the year of Our Lord 1684 being bissextile or leap year : containing the constitutions of the air, the rising and setting of the sun, the tides, the terms and their returns, with many other useful observations, fitted to the longitude and latitude of all places within this kingdom of Ireland, and the western parts of England : together with high-ways faires, and markets /
|c John Bourk phylomath.
|
| 260 |
|
|
|a Dublin :
|b Printed by Benjamin Tooke, and John Crooke, printers to the Kings most Excellent Majesty, and are to be sold by Mary Crook, at hs [sic] Majesties printing-house on Ormond-Key,
|c 1684.
|
| 300 |
|
|
|a 1 online resource ([24] leaves :
|b illustrations.
|
| 336 |
|
|
|a text
|b txt
|2 rdacontent
|
| 337 |
|
|
|a computer
|b c
|2 rdamedia
|
| 338 |
|
|
|a online resource
|b cr
|2 rdacarrier
|
| 500 |
|
|
|a Interleaved with blank leaves.
|
| 510 |
4 |
|
|a Wing (2nd edition, 1994),
|c A1356
|
| 510 |
4 |
|
|a ESTC
|c R170115
|
| 500 |
|
|
|a Reproduction of original in: Dublin (Ireland). Public Libraries Department. Pearse Street Branch.
|
| 533 |
|
|
|a Electronic reproduction.
|b Ann Arbor, Mich. :
|c UMI,
|d 1999-
|f (Early English books online)
|n Digital version of: (Early English books, 1641-1700 ; 3057:3)
|7 s1999 miun s
|
| 650 |
|
0 |
|a Almanacs, Irish
|y 17th century.
|
| 650 |
|
0 |
|a Almanacs, English
|v Early works to 1800.
|
| 650 |
|
0 |
|a Astrology
|v Early works to 1800.
|
| 650 |
|
0 |
|a Ephemerides
|v Early works to 1800.
|
| 651 |
|
0 |
|a Ireland
|x History
|y 1172-1603
|v Early works to 1800.
|
| 651 |
|
0 |
|a Great Britain
|x History
|y Stuarts, 1603-1714.
|
| 655 |
|
7 |
|a Ephemerides
|z Ireland
|z Dublin
|y 17th century.
|2 rbgenr
|
| 655 |
|
7 |
|a Almanacs
|z Ireland
|z Dublin
|y 17th century.
|2 rbgenr
|
| 700 |
1 |
|
|a Crook, Andrew,
|d -1732,
|e printer.
|
| 700 |
1 |
|
|a Tooke, Benjamin,
|d -1716,
|e printer.
|
| 700 |
1 |
|
|a Crooke, Mary,
|d active 1669-1684,
|e bookseller.
|
| 752 |
|
|
|a Ireland
|d Dublin.
|
| 830 |
|
0 |
|a Early English books online.
|
| 856 |
4 |
0 |
|u http://proxy.library.tamu.edu/login?url=https://search.proquest.com/docview/2240859680
|z Connect to the full text of this electronic book
|t 0
|
| 994 |
|
|
|a 02
|b UMI
|
| 999 |
f |
f |
|s 11d2dbfa-efec-3d9d-86ec-8aa5c0f95f57
|i d6ab5963-7c2e-3a21-a466-2c6188de8e57
|t 0
|
| 952 |
f |
f |
|a Texas A&M University
|b College Station
|c Electronic Resources
|d Available Online
|t 0
|e AY771
|h Library of Congress classification
|
| 998 |
f |
f |
|a AY771
|t 0
|l Available Online
|